Politics and performance (Record no. 15038)

000 -LEADER
fixed length control field 00436pab a2200157 454500
008 - FIXED-LENGTH DATA ELEMENTS--GENERAL INFORMATION
fixed length control field 180718b1983 xxu||||| |||| 00| 0 eng d
100 ## - MAIN ENTRY--PERSONAL NAME
Personal name Schmidt, Richard E.
245 ## - TITLE STATEMENT
Title Politics and performance
Remainder of title What does it mean for civil servants?
260 ## - PUBLICATION, DISTRIBUTION, ETC.
Date of publication, distribution, etc. 1983
300 ## - PHYSICAL DESCRIPTION
Extent 155-60
362 ## - DATES OF PUBLICATION AND/OR SEQUENTIAL DESIGNATION
Dates of publication and/or sequential designation Mar.-Apr.
650 ## - SUBJECT ADDED ENTRY--TOPICAL TERM
Topical term or geographic name entry element Personnel, Public - U.S.A.
700 ## - ADDED ENTRY--PERSONAL NAME
Personal name Mark A. Abramson
773 ## - HOST ITEM ENTRY
Main entry heading Public Administration Review
909 ## -
-- 15038
Holdings
Withdrawn status Lost status Damaged status Not for loan Permanent Location Current Location Date acquired Serial Enumeration / chronology Barcode Date last seen Price effective from Koha item type
        Indian Institute of Public Administration Indian Institute of Public Administration 2018-07-19 Volume no: 43, Issue no: 2 AR15087 2018-07-19 2018-07-19 Articles

Powered by Koha